Stanovenie hodnoty nehnuteľnosti vybranou metódu v podmienkach SR bakalárska práca

Salvato in:
Dettagli Bibliografici
Autore principale: Kuchta, Matúš
Ente Autore: Národohospodárska fakulta EU. Katedra financií
Altri autori: Jančovičová Bognárová, Kristína, 1979-
Natura: Libro
Lingua:slovacco
Pubblicazione: Bratislava 2023
Tags: Aggiungi Tag
Nessun Tag, puoi essere il primo ad aggiungerne!!

MARC

LEADER 00000nbm a2200000 4500
001 0294694
005 20231110140717.9
041 0 |a slo 
044 |a SK 
245 1 0 |a Stanovenie hodnoty nehnuteľnosti vybranou metódu v podmienkach SR  |b bakalárska práca  |c Matúš Kuchta ; školiteľ: Kristína Jančovičová Bognárová 
264 1 |a Bratislava  |c 2023 
300 |a 51 s. 
100 1 |a Kuchta, Matúš 
700 1 |a Jančovičová Bognárová, Kristína, 1979- 
710 2 |a Národohospodárska fakulta EU. Katedra financií